Cuadernos de Procedimiento Tributario (Registro nro. 1861)

Detalles MARC
000 -LEADER
fixed length control field 01119 a2200217 4500
001 - CONTROL NUMBER
control field 29436
005 - DATE AND TIME OF LATEST TRANSACTION
control field 20260407155604.0
008 - FIXED-LENGTH DATA ELEMENTS--GENERAL INFORMATION
fixed length control field 260407a1995 arg spa d
003 - CONTROL NUMBER IDENTIFIER
control field AR-UNSa-BCEJYS
040 ## - CATALOGING SOURCE
Original cataloging agency AR-UNSa-BCEJYS
Language of cataloging spa
Transcribing agency AR-UNSa-BCEJYS
080 ## - UNIVERSAL DECIMAL CLASSIFICATION NUMBER
Universal Decimal Classification number 336.225
Common auxiliary subdivision Método de tributación y administración de impuestos
041 ## - LANGUAGE CODE
Language code of text/sound track or separate title spa
100 1# - MAIN ENTRY--PERSONAL NAME
Personal name Celdeiro, Ernesto Carlos
245 10 - TITLE STATEMENT
Title Cuadernos de Procedimiento Tributario
264 #1 - PRODUCTION, PUBLICATION, DISTRIBUTION, MANUFACTURE, AND COPYRIGHT NOTICE
Place of production, publication, distribution, manufacture Buenos Aires :
Name of producer, publisher, distributor, manufacturer Ediciones Nueva Técnica
Date of production, publication, distribution, manufacture, or copyright notice 1995
300 ## - PHYSICAL DESCRIPTION
Extent 10 v.
Dimensions 28 cm.
505 ## - FORMATTED CONTENTS NOTE
Formatted contents note Vol. I: Nociones de Derecho Procesal Civil y Administrativo -- Vol. II: Sujetos pasivos, liquidaciones de impuestos, prescripción -- Vol. III: Determinación de oficio -- Vol. IV: Ilicitos formales genericos -- Vol. V: Vol. VII: Verificación y fiscalización D.G.I. -- Vol. VIII: Recursos ejecuciones fiscales Tribunal Fiscal de la Nación --
590 ## - LOCAL NOTE (RLIN)
Local note niveau_biblio:m niveau_hierar:0
856 41 - ELECTRONIC LOCATION AND ACCESS
Uniform Resource Identifier <a href="https://biblioeco.unsa.edu.ar/pmb/images/libros/Nociones de Derecho Tributario Procesal Civil y Administrativo-l85061.jpg">https://biblioeco.unsa.edu.ar/pmb/images/libros/Nociones de Derecho Tributario Procesal Civil y Administrativo-l85061.jpg</a>
Link text Imagen de portada
Electronic format type image/jpeg
942 ## - ADDED ENTRY ELEMENTS (KOHA)
Koha item type

No hay ítems disponibles.